000 00351 a2200157 4500
001 56956
020 _a8530503112
040 _cAnchieta - Pituba
100 _aNicolelis, Giselda Laporta
240 1 0 _aUm dia em tuas mãos
_lpor
245 1 0 _aUm dia em tuas mãos
300 _a112
362 0 _a2003
650 4 _aLiteratura juvenil
942 _cBK
999 _c56956
_d56956